00655nam a22001937a 450000500170000001000140001702000230003103500130005403700130006708200080008010000210008824500870010926000520019627000940024830000340034250000190037665000310039565000350042620100730150725.0 aENG-97324 a8190148169c300.00 aEN-80857 bDBAD/PUB a398 aVenkatesha, M.N. aMailaralinga jatre :breflections on the dynamics of folklore /cby M.N. Venkatsha aChennaibNational Folklore Support Centrec2007 a508, Fifth Floor, Kaveri Complex, 96, Mahatma Gandhi Road, Nungambakkam,bChennaie600034 axv, 132p.:bill.c24cm, (pbk) aincludes index aFolklorezKarnataka, India aKhandoba (Hindu Deity) - cult)